Przekkleństwo ciągłości i łaska zapominania

Titel: Przekkleństwo ciągłości i łaska zapominania
Verfasser:
In: Borussia, Band 37 (2006), Seite 205-208
alle Artikel anzeigen
Veröffentlicht: [2006]
Format: Aufsatz
Sprache: Polnisch
Kein Bild verfügbar
X
alg: 39490484
001A    $01999:12-11-16 
001B    $01999:03-08-21 $t21:06:16.000 
001C    $06050:19-11-16 $t09:35:27.000 
001D    $01999:12-11-16 
001U    $0utf8 
001X    $00 
002@    $0Aox 
003@    $0394904842 
007A    $0394904842 $aHEB 
007T    $0Herd76247 
010@    $apol 
011@    $a2006 $n[2006] 
021A    $aPrzekkleństwo ciągłości i łaska zapominania 
027A    $aDer Fluch der Kontinuität und die Gnade des Vergessens 
028A    $aGałecki $dŁukasz 
031A    $d37 $h205-208 $j2006 
039B    $aIn $8--Abvc--. Borussia. - Olsztyn : [Verlag nicht ermittelbar], 1991-2017. - ISSN 0867-6402 $x200600000370000795 $9048604585 
039T    $8--Aau--Steffen, Katrin$Z1967- [Tp3]. Jüdische Polonität. - Göttingen : Vandenhoeck & Ruprecht, 2004. - 422 S.. - ISBN 3-525-36981-6 $9124248918 
045F    $a900.9438 $eDDC23BSB 
045F/01 $a900 
045F/03 $g438 
045T    $a8,1 $a7,41 
046C    $aDer Fluch der Kontinuität und die Gnade des Vergessens $bÜbers. des Hauptsacht. 

lok: 39490484 78

exp: 39490484 78 1 #EPN
201B/01 $018-11-16 $t13:06:00.000 
201U/01 $0utf8 
203@/01 $0791203425 
208@/01 $a12-11-16 $be 
209A/01 $a/ $f000 $x00 
220C/01 $aTitelaufnehmer: jk 
220C/01 $aHerkunft: PBB/IH PAN; HI Marburg 
244Z/01 $2Trx $#Poola $#Lenkija $#Polija $#Polen Land $#Poland $#Lengyelország $#Poľsko $#Polsko $8--Trx--Polska$gkraj $x01 $9391345966 
244Z/01 $2Trx $#arvustused $#recenzijos $#Reviews $#recenziók $#recenzje $#recenzie $#recenze $8--Trx--Rezensionen $x02 $9391357441 
247C/01 $82080>Marburg/Lahn, Herder-Institut, Forschungsbibliothek, Bibliographieportal $9336309341
LEADER 00000caa a22000002c 4500
001 394904842
003 DE-603
005 20210803210616.0
007 tu
008 161112s2006 xx |||| | u00||u|pol c
035 |a (DE-599)HEB394904842 
040 |a DE-603  |b ger  |c DE-603  |d DE-603 
041 |a pol 
082 0 4 |8 1\u  |a 900.9438  |q DE-101  |2 23/BSB 
084 |a 8,1  |a 7,41  |2 ssgn 
085 |8 1\u  |b 900 
085 |8 1\u  |z 2  |s 438 
100 1 |a Gałecki, Łukasz 
245 0 0 |a Przekkleństwo ciągłości i łaska zapominania 
246 1 |i Übers. des Hauptsacht.  |a Der Fluch der Kontinuität und die Gnade des Vergessens 
246 1 3 |a Der Fluch der Kontinuität und die Gnade des Vergessens 
264 0 |c [2006] 
773 0 8 |i In  |t Borussia  |d Olsztyn : [Verlag nicht ermittelbar], 1991-2017  |x 0867-6402  |g Band 37 (2006), Seite 205-208  |w (DE-603)048604585  |w (DE-600)1110008-4 
787 0 8 |i Rezension von  |a Steffen, Katrin, 1967-  |t Jüdische Polonität  |d Göttingen : Vandenhoeck & Ruprecht, 2004  |h 422 S., 24 cm  |z 3525369816  |w (DE-603)124248918 
924 0 |9 2080  |a (DE-603)791203425  |b DE-2080  |c HES  |d d  |g /